Проблемы изучения региональной ономастики. Ономастикон Тамбовской области (Запись № 300397)

Подробности
000 -МАРКЕР
контрольное поле 02859nam0a2200469 4500
001 - ИДЕНТИФИКАТОР ЗАПИСИ
контрольное поле RU\NLR\bibl\966485
005 - ИДЕНТИФИКАТОР ВЕРСИИ
контрольное поле 20260405111854.0
010 ## - МЕЖДУНАРОДНЫЙ СТАНДАРТНЫЙ НОМЕР КНИГИ (ISBN)
Номер (ISBN) 5-903014-04-6
Уточнения В пер.
Тираж 500
021 ## - НОМЕР ГОСУДАРСТВЕННОЙ РЕГИСТРАЦИИ
Код страны Российская Федерация
Номер 2006-26842
Номер Листа государственной регистраци 1333
035 ## - ДРУГИЕ СИСТЕМНЫЕ НОМЕРА
Идентификатор записи (nilc)RSL-KNO-002885513
035 ## - ДРУГИЕ СИСТЕМНЫЕ НОМЕРА
Идентификатор записи (NLR Aleph) 000954468
100 ## - ДАННЫЕ ОБЩЕЙ ОБРАБОТКИ
Данные общей обработки 20060511d2006 |||y0rusy50 ca
101 0# - ЯЗЫК РЕСУРСА
Язык текста, звукозаписи и т.д. русский
Язык оглавления русский
-- английский
Язык резюме английский
102 ## - СТРАНА ПУБЛИКАЦИИ ИЛИ ПРОИЗВОДСТВА
Страна публикации Российская Федерация
105 ## - ПОЛЕ КОДИРОВАННЫХ ДАННЫХ: ТЕКСТОВЫЕ МАТЕРИАЛЫ, МОНОГРАФИЧЕСКИЕ
Кодированные данные о монографическом текстовом документе y |||||||||
106 ## - ПОЛЕ КОДИРОВАННЫХ ДАННЫХ: ТЕКСТОВЫЕ РЕСУРСЫ – ФОРМА
Форма ресурса: кодированные данные: обозначение носителя r
200 1# - ЗАГЛАВИЕ И СВЕДЕНИЯ ОБ ОТВЕТСТВЕННОСТИ
Основное заглавие Проблемы изучения региональной ономастики. Ономастикон Тамбовской области
Параллельное заглавие Problems of studying regional onomasticon. The onomasticon of Tambov oblast
Сведения, относящиеся к заглавию монография
Первые сведения об ответственности А.С. Щербак
Последующие сведения об ответственности Федер. агентство по образованию. Тамб. гос. ун-т им. Г.Р. Державина
Язык параллельного заглавия английский
210 ## - ПУБЛИКАЦИЯ, РАСПРОСТРАНЕНИЕ И ДР.
Место издания, распространения и т.д. Тамбов
Имя издателя, распространителя и т. д. Изд-во ТГУ
Дата издания, распространения и т.д. 2006
Место изготовления Тамбов
Имя изготовителя А-ЭлитА
215 ## - ФИЗИЧЕСКАЯ ХАРАКТЕРИСТИКА
Специфическое обозначение материала и объем 293 с.
Другие сведения о физической характеристике ил.
Размеры 21
300 ## - ОБЩИЕ ПРИМЕЧАНИЯ
Текст примечания Авт. также на англ. яз.: A.S. Shcherbak
300 ## - ОБЩИЕ ПРИМЕЧАНИЯ
Текст примечания Рез. на англ. яз
320 ## - ПРИМЕЧАНИЯ О НАЛИЧИИ В ДОКУМЕНТЕ БИБЛИОГРАФИИ / УКАЗАТЕЛЯ
Текст примечания Библиогр.: с. 245-284
510 0# - ПАРАЛЛЕЛЬНОЕ ЗАГЛАВИЕ
Связь между полями z55790
Параллельное заглавие Problems of studying regional onomasticon. The onomasticon of Tambov oblast
Язык заглавия английский
517 0# - ДРУГИЕ ВАРИАНТЫ ЗАГЛАВИЯ
Вариант заглавия Ономастикон Тамбовской области
606 1# - НАИМЕНОВАНИЕ ТЕМЫ КАК ПРЕДМЕТ
Наименование темы Русский язык
Тематический подзаголовок Диалекты
Географический подзаголовок Тамбовская область
Системный номер авторитетной/нормативной записи 1533060
Идентификатор авторитетной/нормативной записи RU\NLR\auth\66969077
606 1# - НАИМЕНОВАНИЕ ТЕМЫ КАК ПРЕДМЕТ
Наименование темы Русский язык
Тематический подзаголовок Ономастика
Системный номер авторитетной/нормативной записи 1542659
Идентификатор авторитетной/нормативной записи RU\NLR\auth\66973919
610 0# - НЕКОНТРОЛИРУЕМЫЕ ПРЕДМЕТНЫЕ ТЕРМИНЫ
Предметный термин Филологические науки. Художественная литература -- Языкознание -- Индоевропейские языки -- Славянские языки -- Восточнославянские языки -- Русский язык -- Лексикология -- Топонимика. Этнонимика. Ономастика
610 0# - НЕКОНТРОЛИРУЕМЫЕ ПРЕДМЕТНЫЕ ТЕРМИНЫ
Предметный термин Филологические науки. Художественная литература -- Языкознание -- Индоевропейские языки -- Славянские языки -- Восточнославянские языки -- Русский язык -- Лексикография -- Словари собственных имен
686 ## - ИНДЕКСЫ ДРУГИХ КЛАССИФИКАЦИЙ
Индекс Ш141.2-314
Код системы
686 ## - ИНДЕКСЫ ДРУГИХ КЛАССИФИКАЦИЙ
Индекс Ш141.2-424
Код системы
686 ## - ИНДЕКСЫ ДРУГИХ КЛАССИФИКАЦИЙ
Индекс Ш141.12-516
686 ## - ИНДЕКСЫ ДРУГИХ КЛАССИФИКАЦИЙ
Индекс Ш141.12-314
700 #1 - ИМЯ ЛИЦА - ПЕРВИЧНАЯ ОТВЕТСТВЕННОСТЬ
Код отношения Редактор
Графика поля Кириллица
Материалы, к которым относится поле rus
Начальный элемент ввода Щербак
Часть имени, кроме начального элемента ввода А. С.
Дополнения к именам, кроме дат д-р филол. наук
Даты 1956-
Расширение инициалов личного имени Антонина Семеновна
Системный номер авторитетной/нормативной записи 25744
Идентификатор авторитетной/нормативной записи RU\NLR\AUTH\7742801
790 #1 - ИМЯ ЛИЦА - АЛЬТЕРНАТИВНАЯ ФОРМА
Код отношения Автор
Графика поля Латинская
Материалы, к которым относится поле rus
Начальный элемент ввода Ščerbak
Часть имени, кроме начального элемента ввода A. S.
Даты 1956-
Расширение инициалов личного имени Antonina Semenovna
Системный номер авторитетной/нормативной записи 25747
Идентификатор авторитетной/нормативной записи RU\NLR\auth\7742804
801 #0 - ИСТОЧНИК ЗАПИСИ
Страна Российская Федерация
Организация РКП
Дата составления 20060511
Правила каталогизации rcr
801 #1 - ИСТОЧНИК ЗАПИСИ
Страна Российская Федерация
Организация РГБ
Дата составления 20060511
801 #2 - ИСТОЧНИК ЗАПИСИ
Страна Российская Федерация
Организация NLR
Дата составления 20060711
Правила каталогизации rcr
942 ## - ДОПОЛНИТЕЛЬНЫЕ ЭЛЕМЕНТЫ ЗАПИСИ (АБИС)
Тип экземпляра АБИС Книга
980 ## - КОЛЛЕКЦИЯ
Название коллекции Национальная библиография
980 ## - КОЛЛЕКЦИЯ
Название коллекции НБР
Экземпляры
Тип экземпляра Дата поступления Источник поступления Библиотека постоянного хранения Библиотека текущего хранения Место хранения Шифр хранения Штрих-код Статус экземпляра
Книга 11.07.2006 Обязательный экземпляр РНБ (Московский) РНБ (Московский) Русский книжный фонд: издания с 1957 года 2006-3/19327 2226296  
Книга 11.07.2006 Обязательный экземпляр РНБ (Московский) РНБ (Московский) Русский книжный фонд: издания с 1957 года 2006-3/19327 2226297